000 01484nam0a22002771 4500
001 rc\3557927
005 20260407185735.0
021 _aRU
_b[77-20212]
035 _a(NLR Aleph) 007795961
090 _a7667553
_c7667553
100 _a20130115d1976 |||y0rusy50 ca
101 0 _arus
102 _aRU
105 _ay z |||||
200 1 _aКлинико-лабораторная диагностика и профилактика симпато-адреналовых нарушений при работе на низкочастотных ультразвуковых установках
_eМетод. рекомендации
_f[Сост. Е.Ю. Герасимовой]
_gМ-во здравоохранения РСФСР, Гл. сан.-эпидемиол. упр., [Гл. упр. науч.-исслед. ин-тов и координации науч. исследований]
210 _aМосква
_cБ. и.
_d1976
215 _a16 с.
_d21
606 _aСимпато-адреналовая система
_xДействие физических факторов
_2psbo
606 _aУльтразвук
_xДействие на организм
_2psbo
702 1 _aГерасимова
_bЕ.Ю.
_4220
712 0 1 _aРСФСР
_bГлавное санитарно-эпидемиологическое управление
_3RU\NLR\AUTH\8810122227
_9742489
801 0 _aRU
_bNLR
_gpsbo
801 1 _aRU
_bELAR
_2rusmarc
852 _aNLR
_j77-6/3225
942 _cBOOK
980 _aNB